Nauki Inżynierskie i Technologie
Na minha lista:
| Formato: | Periódico |
|---|---|
| Idioma: | inglês |
| Publicado em: |
Wrocław
Wydawnictwo Uniwersytetu Ekonomicznego
|
| Tags: |
Sem tags, seja o primeiro a adicionar uma tag!
|
MARC
| LEADER | 00000nas1a2200000 4500 | ||
|---|---|---|---|
| 001 | 0250200 | ||
| 005 | 20210128122027.7 | ||
| 022 | |a 2449-9773 | ||
| 022 | |a 2080-5985 | ||
| 041 | 0 | |a eng | |
| 044 | |a PL | ||
| 245 | 1 | 0 | |a Nauki Inżynierskie i Technologie |
| 264 | 1 | |a Wrocław |b Wydawnictwo Uniwersytetu Ekonomicznego | |